00761nam a22002297a 4500003000500000005001700005008004100022010001000063011001000073035001100083040000900094110001000103245014200113260004200255300002100297490003400318650004500352650003300397650004800430700001900478830003400497CHAP20220329143341.0081104s2005 us r 00110 spa d a95349 a96321 a106971 cCHAP0 aCEPAL13aEl Tratado de Libre Comercio Centroamérica-Estados Unidos:bimplicaciones fiscales para los paises centroamericanosc/por Igor Paunovic aNueva York :bNaciones Unidas,c2005. a32 p. :btablas, 0aEstudios y perspectivasv; 3414aAmerica CentralxCondiciones economicas.14aComercioxAmérica Central.14aInversiones extranjerasxAmérica Central.1 aPaunovic, Igor 0aEstudios y perspectivasv; 34